[Event "Moscow-chT"]
[Site "Moscow"]
[Date "2018.09.27"]
[Round "5.1"]
[White "Dvalishvili, Pavel S"]
[Black "Maltsevskaya, Aleksandra"]
[Result "0-1"]
[WhiteElo "2408"]
[BlackElo "2234"]
[PlyCount "105"]
[EventDate "2018.09.20"]
[EventType "team-swiss"]
[EventRounds "7"]
[EventCountry "RUS"]
[SourceTitle "CBM 186 Extra"]
[Source "ChessBase"]
[SourceDate "2018.08.24"]
[SourceVersion "1"]
[SourceVersionDate "2018.08.24"]
[SourceQuality "1"]
[WhiteTeam "Karpov Chess School"]
[BlackTeam "Karpov Chess School II"]
[WhiteTeamCountry "RUS"]
[BlackTeamCountry "RUS"]

1. e4 c6 2. Nc3 d5 3. Nf3 Bg4 4. h3 Bxf3 5. Qxf3 e6 6. a3 Nf6 7. d3 Nbd7 8. Qe2 Qc7 9. g3 Bc5 10. Bg2 0-0 11. Bf4 Qb6 12. Nd1 e5 13. Bd2 Qa6 14. b4 Be7 15. Ne3 c5 16. Nf5 Rfe8 17. exd5 Bf8 18. 0-0 e4 19. b5 Qxb5 20. c4 Qa6 21. dxe4 Nxd5 22. Nh6+ gxh6 23. Qg4+ Bg7 24. cxd5 Ne5 25. Qd1 Nc4 26. Ra2 b5 27. Bc1 Rab8 28. Qc2 Qg6 29. Kh2 Nd6 30. Qxc5 Nxe4 31. Qxa7 Nc3 32. Rd2 Qd6 33. Rd3 Qg6 34. Re3 Red8 35. Bd2 Ra8 36. Qc5 Rac8 37. Qe7 Bf8 38. Qb7 Rb8 39. Qa7 Ra8 40. Qd4 Bg7 41. Qd3 Rxa3 42. Rfe1 Qxd3 43. Rxd3 b4 44. d6 Nb1 45. Rxa3 bxa3 46. Ba5 Rxd6 47. Rxb1 Bb2 48. Bb4 a2 49. Rxb2 a1Q 50. Bc3 Rd8 51. Rd2 Qxc3 52. Rxd8+ Kg7 53. Rd5 0-1

[Event "Moscow blitz 72nd"]
[Site "Moscow"]
[Date "2018.09.08"]
[Round "12"]
[White "Dvalishvili, Pavel S"]
[Black "Tregubov, Pavel V"]
[Result "1-0"]
[WhiteElo "2408"]
[BlackElo "2588"]
[PlyCount "77"]
[EventDate "2018.09.08"]
[EventType "tourn (blitz)"]
[EventRounds "19"]
[EventCountry "RUS"]
[EventCategory "11"]
[SourceTitle "CBM 186 Extra"]
[Source "ChessBase"]
[SourceDate "2018.08.24"]
[SourceVersion "1"]
[SourceVersionDate "2018.08.24"]
[SourceQuality "1"]

1. e4 c5 2. b3 Nc6 3. Bb2 d6 4. Bb5 e5 5. Bxc6+ bxc6 6. Ne2 Nf6 7. Nbc3 Be7 8. f4 exf4 9. Nxf4 Bg4 10. Qc1 0-0 11. 0-0 d5 12. e5 Nd7 13. Qe1 Qc7 14. Qg3 Bf5 15. Nfxd5 cxd5 16. Nxd5 Qd8 17. Rxf5 Nb6 18. Nxe7+ Qxe7 19. d3 Rad8 20. Raf1 g6 21. Rf6 Nd5 22. Rd6 Nc7 23. Rxd8 Rxd8 24. e6 f5 25. Rxf5 Nxe6 26. Re5 Qf7 27. h3 Nd4 28. Kh2 Qf1 29. Rxc5 Ne2 30. Qe3 Nf4 31. Qf3 Qxf3 32. gxf3 Re8 33. Be5 Ne6 34. Ra5 h5 35. f4 Re7 36. d4 Ng7 37. Bxg7 Kxg7 38. Re5 Rd7 39. d5 1-0